Prof. G Ram Reddy Library

Shura-ul- ajam (Record no. 60)

MARC details
000 -LEADER
fixed length control field 00524nam a2200181Ia 4500
003 - CONTROL NUMBER IDENTIFIER
control field LDD
008 - FIXED-LENGTH DATA ELEMENTS--GENERAL INFORMATION
fixed length control field 181101s9999 xx 000 0 und d
020 ## - INTERNATIONAL STANDARD BOOK NUMBER
International Standard Book Number 9789380104522
Terms of availability 130.00
040 ## - CATALOGING SOURCE
Transcribing agency LDD
100 ## - MAIN ENTRY--PERSONAL NAME
Personal name Nomani, Allama Shibli
245 #0 - TITLE STATEMENT
Title Shura-ul- ajam
Statement of responsibility, etc. Allama Shibli Nomani
260 ## - PUBLICATION, DISTRIBUTION, ETC.
Place of publication, distribution, etc. Azamgrah
Name of publisher, distributor, etc. Darul Musannefeen Shibli Academy
Date of publication, distribution, etc. 2016
300 ## - PHYSICAL DESCRIPTION
Extent 266p.;vol.
901 ## - LOCAL DATA ELEMENT A, LDA (RLIN)
a 15919
b 16-03-2017
902 ## - LOCAL DATA ELEMENT B, LDB (RLIN)
a 2839
b 16-03-2017
c F
d PIBD
e 8U
903 ## - LOCAL DATA ELEMENT C, LDC (RLIN)
a 20
b Reqst by : Mohd Akbar
942 ## - ADDED ENTRY ELEMENTS (KOHA)
Source of classification or shelving scheme Dewey Decimal Classification
Koha item type Urdu Books
Holdings
Withdrawn status Lost status Source of classification or shelving scheme Damaged status Not for loan Home library Current library Cost, normal purchase price Total Checkouts Full call number Barcode Date last seen Cost, replacement price Price effective from Koha item type
No   Dewey Decimal Classification     Library and Documentation Division Library and Documentation Division 130.00   8U1.009 Sh61S UR000021 11/01/2018 130.00 11/01/2018 Urdu Books

© Prof. G Ram Reddy Centre Library, Indira Gandhi National Open University, Maidan Garhi, New Delhi, 110068
+91-011-29532797 | FAX+91-011-29533393 |